000 01468nam0a22003491 4500
001 v19\rc\1981407
005 20251118181202.0
035 _a(NLR Aleph) 005064503
090 _a7030891
_c7030891
100 _a20080623d1914 |||y0rusy50 ca
101 0 _arus
102 _aRU
105 _ab z |||||
200 1 _aРайон жел. дор. Уральск - Царицын в экономическом отношении
_fСост. под общ. ред. [и с предисл.] П.П. Червинского
_gМПС
210 _aСанкт-Петербург
_cфототипия и тип. А.Ф. Дресслера
_d1914
215 _a337 с. разд. паг., 2 л. карт.
_d26
316 _aЭкз. РНБ (127/2710): деф.: отсутствуют 2 л. карт.
_5NLR: 127/2710
532 1 2 _aРайон железной дороги Уральск - Царицын в экономическом отношении
702 1 _aЧервинский
_bП. П.
_f1849-1931
_gПетр Петрович
_4340
_4080
712 0 1 _aРоссия
_bМ-во путей сообщения
_3RU\NLR\AUTH\889944524
801 0 _aRU
_bNLR
_gpsbo
801 0 _aRU
_bRuMoRGB
_2psbo
801 1 _aRU
_bProSoft-M
_2rusmarc
852 _aNLR
_j37.47.4.34
852 _aNLR
_j127/2710
899 _aRuMoRGB
_jR 327/71
899 _aRuMoRGB
_jU 215/265
899 _aRuMoRGB
_jU 454/220
899 _aНБ СПбГУ
899 _aНБ МГУ
942 _cBOOK
980 _aNB